[Event "ch-CZE"]
[Site "Praha CZE"]
[Date "2007.02.15"]
[Round "10"]
[White "Blatny,P"]
[Black "Jirka,J"]
[Result "1-0"]
[WhiteElo "2437"]
[BlackElo "2360"]

1.e4 e5 2.Nf3 Nc6 3.Bb5 Nd4 4.Nxd4 exd4 5.O-O Bc5 6.d3 c6 7.Bc4 d5 8.Bb3 Nf6
9.Bg5 h6 10.Bxf6 gxf6 11.exd5 cxd5 12.Qh5 Be6 13.Nd2 Qd7 14.Ne4 Be7 15.Ng3 O-O-O
16.Qh4 h5 17.Qxd4 h4 18.Ne2 Bd6 19.Kh1 Kb8 20.Qxf6 Qc7 21.Nd4 Bxh2 22.Nb5 Qe5
23.Qxe5+ Bxe5 24.d4 Bf6 25.Rad1 Bg4 26.f3 Be6 27.Nc3 Be7 28.Rde1 Bb4 29.Re3 Rhg8
30.f4 Rg3 31.Rxg3 hxg3 32.Rf3 Bd6 33.Kg1 Bc7 34.f5 Bd7 35.Ne2 Re8 36.Nxg3 Re1+
37.Kf2 Rd1 38.Ne2 Bc6 39.Rh3 a5 40.a4 Bb6 41.Ke3 Rf1 42.g4 Bd8 43.Rh5 Kc7
44.Ng3 Rg1 45.Kf2 Rd1 46.Ne2 Kd6 47.g5 Ke7 48.Rh7 Bb6 49.g6 Bxd4+ 50.Nxd4 Rxd4
51.Rxf7+ Ke8 52.Kg3 Re4 53.Rh7 Re1 54.Rh8+ Ke7 55.Kf2 Re5 56.g7  1-0

[Event "9th Open"]
[Site "Foxwoods USA"]
[Date "2007.04.04"]
[Round "1"]
[White "Blatny,P"]
[Black "Kahn,A"]
[Result "1-0"]
[WhiteElo "2439"]
[BlackElo "2201"]

1.b3 e5 2.Bb2 d6 3.e3 Nf6 4.Ne2 g6 5.g3 Bg7 6.Bg2 c6 7.d3 Be6 8.Nd2 O-O 9.h3 a5
10.a3 Na6 11.g4 Bd5 12.e4 Be6 13.Nf1 a4 14.b4 Qb6 15.c4 d5 16.Qc2 Rfd8 17.exd5 cxd5
18.c5 Qc7 19.d4 Nd7 20.Ne3 Qc6 21.dxe5 Nxe5 22.f4 Nd3+ 23.Qxd3 Bxb2 24.Rb1 Bg7
25.f5 Bc8 26.Nxd5 Kh8 27.O-O Rf8 28.fxg6 Be6 29.Nd4 Qd7 30.Nxe6 fxe6 31.Nf4  1-0

[Event "TCh-AUT 2nd Bundesliga Ost 2008-9"]
[Site "Austria AUT"]
[Date "2008.10.04"]
[Round "2"]
[White "Blatny,P"]
[Black "Pacher,M"]
[Result "1-0"]
[WhiteElo "2416"]
[BlackElo "2357"]

1.d4 Nf6 2.Nf3 e6 3.Bf4 c5 4.e3 Nc6 5.Nbd2 d5 6.c3 Bd6 7.Bg3 Qe7 8.Ne5 Bxe5
9.dxe5 Nd7 10.Qh5 b6 11.f4 Bb7 12.Bh4 Qf8 13.e4 Ne7 14.exd5 Bxd5 15.Nc4 Nf5
16.O-O-O g6 17.Qg4 b5 18.Nd6+ Nxd6 19.exd6 f5 20.Qg3 a6 21.Be7 Qg7 22.Rxd5 exd5
23.Bxb5 axb5 24.Re1 Ne5 25.Rxe5 Kd7 26.Qd3 Rhb8 27.Bg5 Qg8 28.Re7+ Kc6 29.b4 cxb4
30.Qe3 Rb7 31.Rxb7 Kxb7 32.Qe7+ Ka6 33.d7 bxc3 34.Qd6+ Ka5 35.d8=Q+ Rxd8
36.Bxd8+  1-0

[Event "TCh-AUT 2nd Bundesliga Ost 2008-9"]
[Site "Austria AUT"]
[Date "2008.10.05"]
[Round "3"]
[White "Manik,M"]
[Black "Blatny,P"]
[Result "1/2-1/2"]
[WhiteElo "2448"]
[BlackElo "2416"]

1.e4 g6 2.d4 c6 3.Nc3 d5 4.h3 Bg7 5.Nf3 Nf6 6.Bd3 dxe4 7.Nxe4 Nxe4 8.Bxe4 Nd7
9.c3 O-O 10.O-O e5 11.dxe5 Nxe5 12.Nxe5 Qxd1 13.Rxd1 Bxe5 14.Bh6 Re8 15.Bc2 Bg7
16.Bxg7 Kxg7 17.Rd2 Be6 18.Bb3 Kf8 19.Rad1 Bxb3 20.axb3 h5 21.Kf1 Re7 22.Rd7  1/2-1/2

[Event "TCh-AUT 2nd Bundesliga Ost 2008-9"]
[Site "Austria AUT"]
[Date "2009.01.17"]
[Round "6"]
[White "Varga,Zo"]
[Black "Blatny,P"]
[Result "1-0"]
[WhiteElo "2494"]
[BlackElo "2416"]

1.e4 b6 2.d4 Bb7 3.Bd3 e6 4.Qe2 g6 5.Nf3 Bg7 6.O-O Ne7 7.c3 d6 8.a4 a6 9.Nbd2 Nd7
10.Re1 O-O 11.e5 dxe5 12.Nxe5 Nxe5 13.dxe5 Nd5 14.Nf3 c5 15.h4 Qc7 16.h5 Ne7
17.hxg6 hxg6 18.Bg5 Rfe8 19.Nh2 c4 20.Bxc4 Bxe5 21.Qxe5 Qxc4 22.Rad1 Nf5
23.g4 Qc6 24.f3 Ng7 25.Kg2 Qc5 26.Qf6 Bc6 27.b3 b5 28.a5 Rac8 29.Bh6 Qf8
30.Rh1 e5 31.Rd6 e4 32.Rxc6 Rxc6 33.Qxc6 Qa3 34.Bxg7 Re6 35.Qc8+ Kxg7 36.Nf1 exf3+
37.Kg1 Kf6 38.Qd8+ Re7 39.Qd4+ Re5 40.Rh3 Qxa5 41.Rxf3+ Ke6 42.Rxf7  1-0

[Event "ch-CZE"]
[Site "Ostrava CZE"]
[Date "2010.05.09"]
[Round "9"]
[White "Blatny,P"]
[Black "Stocek,J"]
[Result "0-1"]
[WhiteElo "2409"]
[BlackElo "2593"]

1.d4 Nf6 2.Nf3 e6 3.Bf4 b6 4.e3 Bb7 5.Nbd2 Nh5 6.Bg5 Be7 7.Bxe7 Qxe7 8.g4 Nf6
9.Rg1 c5 10.g5 Nd5 11.Nc4 O-O 12.e4 Nf4 13.e5 cxd4 14.Nd6 Bxf3 15.Qxf3 Ng6
16.Qe4 Nc6 17.f4 f5 18.gxf6 gxf6 19.O-O-O fxe5 20.f5 exf5 21.Bc4+ Kh8 22.Nxf5 Qf6
23.Rdf1 Nce7 24.Nh6 d5 25.Rxf6 dxe4 26.Rd6 Nf5 27.Nxf5 Rxf5 28.Bd5 Raf8 29.Bxe4 Rf1+
30.Rxf1 Rxf1+ 31.Kd2 Kg7 32.Bxg6 hxg6 33.Re6 Rf5 34.Re7+ Kf6 35.Rxa7 e4 36.Rd7 Ke5
37.Re7+ Kf4 38.Ke2 Rc5 39.Rf7+ Kg4 40.Kd1 Rh5 41.Rf2 e3 42.Rg2+ Kf3 43.Rxg6 Rxh2
44.Rf6+ Kg3 45.Rxb6 Rd2+ 46.Kc1 Kf2 47.Rh6 Rd1+  0-1

[Event "TCh-CZE 2010-11"]
[Site "Frydek Mistek CZE"]
[Date "2010.11.06"]
[Round "1.6"]
[White "Blatny,P"]
[Black "Sodoma,J"]
[Result "1/2-1/2"]
[WhiteElo "2402"]
[BlackElo "2348"]

1.b3 e5 2.Bb2 Nc6 3.e3 d6 4.g3 g6 5.Bg2 Bg7 6.Ne2 Nge7 7.d3 O-O 8.Nd2 Be6
9.a3 Qd7 10.h4 Bg4 11.f3 Be6 12.g4 f5 13.g5 Nd5 14.Nf1 f4 15.e4 Ne3 16.Nxe3 fxe3
17.Bc1 Nd4 18.O-O Bh3 19.Bxe3 Bxg2 20.Kxg2 Nxf3 21.Kg3 Rf7 22.Ng1 Nd4 23.Rxf7 Qxf7
24.Nh3 Rf8 25.Bxd4 exd4 26.a4 d5 27.Rb1 Qe6 28.Qe2 Be5+ 29.Kg2 Bd6 30.Rh1 Rf7
31.Nf2 Rf4 32.Rh3 dxe4 33.Nxe4 Kg7 34.Ng3 Qd5+ 35.Ne4 Qe6 36.Ng3 Qd5+ 37.Ne4 b6
38.h5 Be7 39.Rg3 Bxg5 40.hxg6 h6 41.Qh5 Rh4 42.Qf3 Rf4 43.Qh5 Rf5 44.Rf3 Rxf3
45.Qxf3 Kxg6 46.Qf8 Qf7 47.Qa8 Qe6 48.a5 Bf4 49.Nf2 Be3 50.a6 Bxf2 51.Kxf2 Qe3+
52.Kg2 Qe2+ 53.Kg3 Qe3+ 54.Kg2 Qe2+ 55.Kg3 Qxc2 56.Qe4+ Kf7 57.Qf5+ Ke7  1/2-1/2

[Event "TCh-CZE 2010-11"]
[Site "Czech Rep CZE"]
[Date "2010.12.04"]
[Round "3.4"]
[White "Blatny,P"]
[Black "Jirka,J"]
[Result "1/2-1/2"]
[WhiteElo "2402"]
[BlackElo "2424"]

1.b3 d5 2.e3 Nf6 3.Bb2 g6 4.f4 Bg7 5.Nf3 O-O 6.g3 c5 7.Bg2 Nc6 8.Ne5 Nxe5
9.Bxe5 Bf5 10.O-O Qd7 11.Re1 d4 12.exd4 Ng4 13.Bxg7 Kxg7 14.d5 c4 15.bxc4 Qc8
16.h3 Nf6 17.d3 Bxh3 18.Bxh3 Qxh3 19.Qf3 h5 20.Nd2 Qc8 21.Kg2 h4 22.gxh4 Rh8
23.Rh1 b5 24.Rae1 Qd7 25.Ne4 Nh5 26.Ng3 Rac8 27.Nxh5+ Rxh5 28.Re4 bxc4 29.dxc4 Rch8
30.Kg3 Qc7 31.Qe2 g5 32.Qe3 Rxh4 33.Rxh4 Rxh4 34.Rxe7 Qxf4+ 35.Qxf4 Rxf4
36.c5 Rc4 37.c6 Kf6 38.Re8 Rc3+ 39.Kf2 Rxc2+ 40.Ke3 Rc1 41.Kd4 g4 42.Re3 Rc2
43.a4 a5 44.Rg3 Ke7 45.Rxg4 Kd6 46.Rf4 Rd2+ 47.Ke4 Rb2 48.Rxf7 Rb4+ 49.Kd3 Kxd5
50.c7 Rd4+  1/2-1/2

[Event "TCh-CZE 2010-11"]
[Site "Czech Rep CZE"]
[Date "2011.01.22"]
[Round "6.4"]
[White "Murdzia,P"]
[Black "Blatny,P"]
[Result "1/2-1/2"]
[WhiteElo "2461"]
[BlackElo "2402"]

1.d4 Nf6 2.Nf3 d6 3.c4 g6 4.Nc3 Bf5 5.Qb3 Qc8 6.g3 Bg7 7.Bg2 Nc6 8.O-O Ne4
9.Nxe4 Bxe4 10.Qe3 d5 11.b3 O-O 12.Ba3 Re8  1/2-1/2

[Event "TCh-CZE 2010-11"]
[Site "Czech Rep CZE"]
[Date "2011.01.23"]
[Round "7.4"]
[White "Blatny,P"]
[Black "Rausis,I"]
[Result "0-1"]
[WhiteElo "2402"]
[BlackElo "2482"]

1.b3 c5 2.Bb2 Nc6 3.f4 d6 4.Nf3 Nf6 5.g3 g6 6.e4 Bg7 7.Bg2 O-O 8.Qe2 Bg4
9.O-O Nd4 10.Qd3 Bxf3 11.Bxf3 Nd5 12.Bc3 Nb4 13.Bxb4 Nxf3+ 14.Qxf3 Bxa1 15.Bc3 Bxc3
16.Nxc3 e6 17.f5 Qf6 18.Qe3 Qd4 19.Qxd4 cxd4 20.Nb5 Rfc8 21.fxe6 fxe6 22.Rc1 d5
23.e5 d3 24.c3 Rf8 25.Re1 Kf7 26.Re3 Ke7 27.Rxd3 Rf5 28.Re3 Raf8 29.Re2 a6
30.Nd4 Rf1+ 31.Kg2 Ra1 32.a4 g5 33.Nc2 Rb1 34.b4 Rff1 35.a5 g4 36.Ne3 Rg1+
37.Kf2 h5 38.Ng2 Rh1 39.Ke3 Rxh2 40.Nf4 Rbh1 41.Rxh2 Rxh2 42.d3 Kf7 43.c4 dxc4
44.dxc4 Rb2 45.Nxh5 Rxb4 46.Kd4 Kg6 47.Nf6 Kf5 48.Ne8 Rb3 49.Ng7+ Kg6 50.Nxe6 Rxg3
51.Ke4 Rc3 52.Nf4+ Kg7 53.Kd4 Ra3 54.Kc5 Rf3 55.Ng2 g3 56.Kb6 Rf2 57.Ne3 Kf7
58.Kxb7 Re2  0-1

[Event "TCh-CZE 2010-11"]
[Site "Czech Rep CZE"]
[Date "2011.03.05"]
[Round "8.5"]
[White "Priehoda,V"]
[Black "Blatny,P"]
[Result "0-1"]
[WhiteElo "2398"]
[BlackElo "2402"]

1.Nf3 d6 2.e4 g6 3.d4 Bg7 4.h3 Nd7 5.c4 e6 6.Nc3 Ne7 7.Be2 b6 8.O-O Bb7 9.Re1 h6
10.Bf1 O-O 11.Rb1 Kh7 12.d5 e5 13.b4 f5 14.Nd2 a5 15.a3 Bc8 16.g3 Nf6 17.Bg2 f4
18.c5 axb4 19.axb4 bxc5 20.bxc5 g5 21.Nc4 Ne8 22.Ba3 Ng6 23.Nb5 Ra6 24.Bb4 Rf7
25.Qc2 dxc5 26.Bxc5 g4 27.hxg4 Bxg4 28.Rb3 h5 29.Na7 Qg5 30.Nc6 h4 31.Nd2 hxg3
32.fxg3 Bh6 33.Rf1 Nf6 34.Nd8 Rg7 35.Nf3 Qh5 36.Nh2 fxg3 37.Rxg3 Nf4 38.Nxg4 Nxg4
39.Bf3 Qh4 40.Rxg4 Rxg4+ 41.Bxg4 Qxg4+  0-1

[Event "TCh-CZE 2010-11"]
[Site "Czech Rep CZE"]
[Date "2011.03.06"]
[Round "9.5"]
[White "Blatny,P"]
[Black "Orsag,Mil1"]
[Result "1-0"]
[WhiteElo "2402"]
[BlackElo "2426"]

1.g3 e5 2.Bg2 Nc6 3.d3 g6 4.e4 Bg7 5.Be3 Nf6 6.Nc3 d6 7.Nge2 Be6 8.Nd5 Ng4
9.Bd2 Ne7 10.Nxe7 Qxe7 11.c4 c6 12.Bc3 O-O 13.Qd2 f5 14.h3 Nf6 15.exf5 Bxf5
16.O-O Rae8 17.Rae1 Rf7 18.Nd4 Bd7 19.Nf3 Qf8 20.Qd1 Bh6 21.Nd2 Be6 22.b3 Nd7
23.d4 exd4 24.Bxd4 a6 25.f4 Nc5 26.Nf3 Bf5 27.g4 Be4 28.Bxc5 Bxf3 29.Qxd6 Rxe1
30.Rxe1 Bxg2 31.Qe5 Bxf4 32.Qd4 Qb8 33.Kxg2 Bh6 34.Re6 Qf4 35.Re8+ Bf8 36.Qxf4 Rxf4
37.Rb8 b5 38.Kg3 g5 39.cxb5 cxb5 40.Bxf8 Rxf8 41.Rxf8+ Kxf8 42.Kf3 b4 43.Ke4 Kf7
44.Kd5 Kf6 45.Kd6  1-0

[Event "TCh-CZE 2010-11"]
[Site "Czech Rep CZE"]
[Date "2011.04.16"]
[Round "10.3"]
[White "Blatny,P"]
[Black "Michalik,P"]
[Result "1/2-1/2"]
[WhiteElo "2402"]
[BlackElo "2471"]

1.g3 g6 2.Bg2 Bg7 3.e4 c5 4.Nc3 Nc6 5.Nge2 e5 6.d3 d6 7.O-O Nge7 8.Be3 Nd4
9.Qd2 O-O 10.Kh1 Rb8 11.Nd1 d5 12.Nxd4 cxd4 13.Bh6 dxe4 14.dxe4 Bxh6 15.Qxh6 f5
16.f3 fxe4 17.fxe4 Rxf1+ 18.Bxf1 Be6 19.Nf2 Rc8 20.Qd2 Nc6 21.Bh3 Bxh3 22.Nxh3 Qd7
23.Kg2 Nd8 24.Nf2 Nf7 25.c3 Nd6 26.Rd1 Nc4 27.Qe2 Qg7 28.cxd4 exd4 29.Rc1 b5
30.Kg1 Qh6 31.Rc2 Rf8 32.b3 Ne5 33.Ng4 Nxg4 34.Qxg4 Qe3+ 35.Kg2 d3 36.Qe6+ Rf7
37.Rc7 Qf3+ 38.Kh3 Qf1+ 39.Kg4 Qf3+ 40.Kh3 Qf1+ 41.Kg4  1/2-1/2

[Event "TCh-CZE 2010-11"]
[Site "Czech Rep CZE"]
[Date "2011.04.17"]
[Round "11.4"]
[White "Blatny,P"]
[Black "Rasik,V"]
[Result "0-1"]
[WhiteElo "2402"]
[BlackElo "2502"]

1.g3 g6 2.Bg2 Bg7 3.e4 d6 4.d4 Nf6 5.Ne2 O-O 6.h3 e5 7.dxe5 dxe5 8.Qxd8 Rxd8
9.Be3 b6 10.Nd2 Nc6 11.O-O-O Ba6 12.Rhe1 Rd7 13.f3 Nh5 14.g4 Bxe2 15.Rxe2 Nf4
16.Bxf4 exf4 17.c3 Rad8 18.Kc2 Ne5 19.Rh1 a5 20.h4 a4 21.a3 b5 22.g5 c6 23.h5 Rd3
24.Rf2 R3d6 25.Bf1 Bf8 26.Rh3 Be7 27.Rg2 Bxg5 28.c4 Bf6 29.cxb5 cxb5 30.Bxb5 Nd3
31.Bxd3 Rxd3 32.hxg6 fxg6 33.Nc4 R3d4 34.Nb6 Rb8  0-1

[Event "TCh-CZE Extraliga 2011-12"]
[Site "Czech Republic CZE"]
[Date "2011.12.03"]
[Round "3.7"]
[White "Sosna,J"]
[Black "Blatny,P"]
[Result "1/2-1/2"]
[WhiteElo "2398"]
[BlackElo "2396"]

1.d4 e6 2.e4 d5 3.Nd2 dxe4 4.Nxe4 Be7 5.Nf3 Nd7 6.Bd3 Ngf6 7.c3 Nxe4 8.Bxe4 c5
9.O-O Qc7 10.Re1 Nf6 11.Bc2 a6 12.dxc5 Bxc5 13.Bg5 Ng4 14.Bh4 h5 15.Qd5 Bd7
16.Qg5 Kf8 17.Rad1 Be8 18.h3 f6 19.Qd2 Bc6 20.Be4 Re8 21.Bxc6 Qxc6 22.Nd4 Bxd4
23.Qxd4 Nh6 24.Qb4+ Kf7 25.Rd6 Qc8 26.Bg3 Nf5 27.Rd2 Nxg3 28.fxg3 Rd8 29.Red1 Rxd2
30.Rxd2 Qc7 31.Rd3 Re8 32.Qd4  1/2-1/2

[Event "TCh-CZE Extraliga 2011-12"]
[Site "Czech Republic CZE"]
[Date "2011.12.04"]
[Round "4.7"]
[White "Blatny,P"]
[Black "Michenka,J"]
[Result "0-1"]
[WhiteElo "2396"]
[BlackElo "2346"]

1.f4 d5 2.e3 Nf6 3.b3 g6 4.Bb2 Bg7 5.Be2 O-O 6.Nf3 b6 7.O-O Bb7 8.Qe1 e6
9.a4 c5 10.Nc3 Nc6 11.Qb1 d4 12.Nd1 Nd5 13.g3 e5 14.e4 Nf6 15.d3 exf4 16.gxf4 Nh5
17.Ne1 f5 18.Bxh5 gxh5 19.Nf2 fxe4 20.Nxe4 Qd5 21.Ng2 Rf7 22.Qd1 Raf8 23.Qe2 Ne7
24.Rf2 Ng6 25.Raf1 h4 26.h3 Bc8 27.Rf3 Qh5 28.Bc1 Bxh3 29.Ng5 Re7 30.Qxe7 Nxe7
31.Nxh3 Nf5 32.Kh2 Re8 33.Ng1 Bf6 34.Bd2 Kf7 35.Rh3 Ng3 36.Rb1 Re2 37.Nxe2 Qxe2
38.Be1 Qxc2 39.Ra1 Qb2 40.Rd1 Qxb3 41.Ra1 Qb2 42.Rd1 Qe2 43.Ra1 Nf1+ 44.Kg1 Qg4  0-1

[Event "TCh-CZE Extraliga 2011-12"]
[Site "Czech Republic CZE"]
[Date "2012.01.07"]
[Round "5.5"]
[White "Blatny,P"]
[Black "Rojicek,V"]
[Result "1/2-1/2"]
[WhiteElo "2396"]
[BlackElo "2406"]

1.d4 d5 2.Nf3 Nf6 3.Bf4 c5 4.e3 Nc6 5.c3 Qb6 6.Qb3 c4 7.Qc2 Bf5 8.Qc1 e6
9.Nbd2 Be7 10.h3 O-O 11.Be2 Rfc8 12.O-O Qd8 13.Ne5 Bd6 14.g4 Bg6 15.Nxg6 hxg6
16.Bxd6 Qxd6 17.f4 g5 18.Kg2 gxf4 19.exf4 Ne7 20.Qe1 b5 21.g5 Ne4 22.Nxe4 dxe4
23.Bd1 b4 24.Bc2 bxc3 25.bxc3 Rab8 26.Bxe4 Rb2+ 27.Kg3 Rcb8 28.h4 a5 29.a4 R8b3
30.Rf3 Nd5 31.Bxd5 Qxd5 32.Qe5 Qxf3+ 33.Kxf3 Rxc3+ 34.Qe3 Rxe3+ 35.Kxe3 g6
36.Rd1 Rb4 37.d5 exd5 38.Rxd5 Rxa4 39.Rc5 Kf8 40.f5 gxf5 41.Rxf5 c3 42.Kd3 Rxh4
43.g6 Rh3+ 44.Kc2 f6 45.Rxf6+ Kg7 46.Ra6 a4 47.Rxa4 Kxg6 48.Rc4 Kf6 49.Rxc3 Rxc3+
50.Kxc3  1/2-1/2

[Event "TCh-CZE Extraliga 2011-12"]
[Site "Czech Republic CZE"]
[Date "2012.01.08"]
[Round "6.7"]
[White "Malik,J"]
[Black "Blatny,P"]
[Result "0-1"]
[WhiteElo "2352"]
[BlackElo "2396"]

1.e4 g6 2.d4 c6 3.Nf3 d5 4.e5 h6 5.c4 e6 6.Be2 dxc4 7.Bxc4 b5 8.Be2 Bb7 9.O-O a6
10.a4 Nd7 11.Nc3 Ne7 12.Ne4 Nd5 13.b3 Be7 14.Ba3 b4 15.Bb2 a5 16.Nfd2 N7b6
17.Nc5 Bc8 18.Nde4 Kf8 19.Qd2 Kg7 20.Rac1 Nd7 21.f4 h5 22.g3 Nxc5 23.dxc5 Ba6
24.Bxa6 Rxa6 25.Nd6 Ra7 26.Bd4 Kg8 27.Kg2 Rh7 28.Rce1 Rd7 29.h3 Bf8 30.Qd3 Ra7
31.Qe4 Rd7 32.Rg1 Bh6 33.Ref1 Bg7 34.Kf2 Bf8 35.Ke1 Bg7 36.Kd2 Qe7 37.Kc2 Qd8
38.Qd3 Bf8 39.Rg2 Qe7 40.Kb2 Qd8 41.Rgf2 Bg7 42.Ka2 Ne7 43.g4 hxg4 44.hxg4 Qc7
45.Rg2 Qd8 46.Rfg1 Nd5 47.Qf3 Qh4 48.Bf2 Qh3 49.Bg3 g5 50.Rh2 Qxh2+ 51.Bxh2 Rxh2+
52.Rg2 Rh1 53.Ne4 gxf4 54.Re2 Rd1 55.Rc2 Ne3 56.Qxf4 Nxc2 57.Nf6+ Kf8 58.Nh7+ Kg8
59.Nf6+ Bxf6 60.exf6 R7d2 61.Qg5+ Kf8 62.Qg7+ Ke8 63.Qg8+ Kd7 64.Qxf7+ Kc8
65.Qxe6+ Kb7 66.Qe7+ Rd7  0-1

[Event "Hustopece Rapid"]
[Site "Hustopece CZE"]
[Date "2012.06.09"]
[Round "5.21"]
[White "Blatny,P"]
[Black "Bures,Vi"]
[Result "1-0"]
[WhiteElo "2420"]
[BlackElo "2162"]

1.d4 Nf6 2.Nf3 g6 3.Nc3 d5 4.Bf4 Bg7 5.e3 O-O 6.Be2 c5 7.dxc5 Qa5 8.Nd2 Qxc5
9.Nb3 Qb6 10.a4 Be6 11.a5 Qd8 12.Nb5 Na6 13.N5d4 Qc8 14.Nxe6 Qxe6 15.Nd4 Qd7
16.Be5 Nc5 17.O-O Nfe4 18.Bxg7 Kxg7 19.f3 Nf6 20.b4 Ne6 21.Qd2 a6 22.Rfd1 Rac8
23.Rac1 Rfd8 24.c3 Qd6 25.Rb1 Nxd4 26.cxd4 e5 27.dxe5 Qxe5 28.Bd3 Re8 29.Re1 Rc7
30.b5 axb5 31.Rxb5 Ree7 32.Bf1 Qc3 33.Qxc3 Rxc3 34.Kf2 Rc2+ 35.Be2 Rc3 36.Reb1 Ra3  1-0

[Event "TCh-AUT 2 East 2012-13"]
[Site "Austria AUT"]
[Date "2012.10.06"]
[Round "1.2"]
[White "Blatny,P"]
[Black "Heiny,J"]
[Result "1-0"]
[WhiteElo "2420"]
[BlackElo "2264"]

1.g3 Nf6 2.Bg2 d5 3.c4 c6 4.cxd5 cxd5 5.d4 Nc6 6.Nc3 e6 7.f3 Qb6 8.e3 Be7
9.Nge2 O-O 10.O-O Rd8 11.f4 Bd7 12.h3 Qa6 13.g4 Nb4 14.g5 Ne8 15.Ng3 Nd6
16.h4 Rac8 17.h5 Qd3 18.Qf3 Nc2 19.Rd1 Qa6 20.Rb1 Na3 21.Nxd5 exd5 22.bxa3 Rc2
23.g6 Nf5 24.gxf7+ Kf8 25.Bf1 Nh4 26.Qh1 Qe6 27.f5 Qd6 28.Ne2 Rxe2 29.Bxe2 Qg3+
30.Kf1 Bxf5 31.Bd3 Bh3+ 32.Ke2 Bg4+ 33.Kd2 Qf2+ 34.Kc3 Rc8+ 35.Kb3 Qf6 36.Kb2 Bxd1
37.Qxd1 Nf3 38.Ka1 Bc5 39.Bb2 Bb6 40.Bxh7 Qxf7 41.Bg6 Qf6 42.Qe2 Kg8 43.Rf1 Rf8
44.Qd1 Kh8 45.Bd3  1-0

[Event "TCh-AUT 2 East 2012-13"]
[Site "Austria AUT"]
[Date "2012.10.07"]
[Round "2.2"]
[White "Prager,M AUT"]
[Black "Blatny,P"]
[Result "0-1"]
[WhiteElo "2035"]
[BlackElo "2420"]

1.e4 b6 2.d4 Bb7 3.Nc3 e6 4.Nf3 d6 5.Be2 Nd7 6.O-O g6 7.a4 a6 8.Bg5 Ne7 9.Qd2 h6
10.Be3 Bg7 11.Ne1 c5 12.f4 Qc7 13.Kh1 f5 14.Bf3 fxe4 15.Bxe4 d5 16.Bf3 Nf5
17.dxc5 d4  0-1

[Event "TCh-AUT 2 East 2012-13"]
[Site "Austria AUT"]
[Date "2012.11.17"]
[Round "3.2"]
[White "Blatny,P"]
[Black "Pinter,E"]
[Result "0-1"]
[WhiteElo "2420"]
[BlackElo "2379"]

1.Nf3 g6 2.d4 Nf6 3.Nc3 d5 4.Bf4 Bg7 5.e3 c6 6.Be2 Nbd7 7.Ne5 Qb6 8.a3 O-O
9.h4 h5 10.b4 Qd8 11.Rb1 Nxe5 12.Bxe5 Re8 13.Rb3 Bf8 14.Bf4 Bg7 15.Na4 Ng4
16.f3 e5 17.Bg3 Nh6 18.Bxe5 Bxe5 19.dxe5 Rxe5 20.Qd2 Nf5 21.Kf2 Qc7 22.f4 Re7
23.Bf3 Be6 24.Rd3 Rae8 25.g3 Nd6 26.Re1 Bf5 27.Rb3 Qc8 28.Kg2 Be4 29.Bxe4 Nxe4
30.Qd1 Nd6 31.Nb2 Nf5 32.Qd2 Re4 33.Nd1 d4 34.Rd3 Qe6 35.Kf2 f6 36.c3 c5
37.cxd4 cxd4 38.Re2 b5 39.Qe1 Qb6 40.Qd2 Qe6 41.Qe1 Qc4 42.Qd2 Qc6 43.Re1 Qb6
44.Re2 dxe3+ 45.Nxe3 Nh6 46.Kg1 Rxe3 47.Rexe3 Ng4 48.Rd6 Qxe3+ 49.Qxe3 Rxe3
50.Ra6 Rxg3+ 51.Kh1 Rf3 52.Rxa7 Rxf4 53.Ra5 Rf5 54.a4 bxa4 55.Rxa4 Rb5 56.Kg2 Ne3+  0-1

[Event "TCh-AUT 2 East 2012-13"]
[Site "Austria AUT"]
[Date "2012.11.18"]
[Round "4.2"]
[White "Blatny,P"]
[Black "Brod,M"]
[Result "1-0"]
[WhiteElo "2420"]
[BlackElo "2234"]

1.b3 e5 2.Bb2 Nc6 3.e3 d5 4.Bb5 Bd6 5.Nf3 f6 6.d4 e4 7.Nfd2 a6 8.Be2 Nce7
9.c4 c6 10.a4 f5 11.g3 Nf6 12.Ba3 Bc7 13.Nc3 Be6 14.Qc2 O-O 15.c5 a5 16.b4 axb4
17.Bxb4 Bf7 18.Nb3 Bh5 19.Bxh5 Nxh5 20.a5 Ra6 21.Qe2 Nf6 22.Kd2 Qd7 23.Kc2 g5
24.h4 g4 25.Rhb1 Rfa8 26.Na4 Qe6 27.Be1 Nd7 28.Kc1 Rf8 29.Rb2 Nb8 30.Kb1 Ra7
31.Bd2 Na6 32.Ra3 Bd8 33.Nc1 Rf7 34.Rab3 Ng6 35.Qe1 Rc7 36.Ne2 Nf8 37.Kc2 Qf7
38.Qh1 Kh8 39.Nf4 Kg8 40.Nb6 Kh8 41.Bc3 Kg8 42.Ra3 h5 43.Rab3 Kh7 44.Qe1 Kg8
45.Rb1 Kh7 46.Bb2 Bf6 47.Na4 Bg7 48.Bc3 Bf6 49.Qe2 Bg7 50.Rb6 Bf6 51.Bd2 Bg7
52.Kd1 Bf6 53.Nc3 Bd8 54.R6b3 Re7 55.Be1 Rd7 56.Na4 Rc7 57.Nb6 Kg8 58.Qc2 Kh7
59.Ne2 Nd7 60.Nc3 Nf6 61.R1b2 Kg8 62.Qe2 Kh7 63.Nb1 Kg8 64.Na3 Kh7 65.Na4 Kg8
66.Nc3 Rd7 67.Na4 Kh7 68.Nc2 Rc7 69.Nb6 Kg8 70.Nb4 Nxb4 71.Bxb4 Nd7 72.Nxd7 Rxd7
73.Bc3 Bf6 74.Ra2 Qe8 75.a6 Qa8 76.Rba3 bxa6 77.Rxa6 Rdb7 78.Kc2 Kf7 79.Qf1 Rxa6
80.Qxa6 Qc8 81.Ra3 Qd7 82.Qa8 Bd8 83.Ra6 Bf6 84.Ba5 Kg7 85.Bb6 Kf7 86.Ba7 Kg7
87.Bb8 Kf7 88.Rb6 Rxb6 89.cxb6 c5 90.Qa7 Ke6 91.Qxd7+ Kxd7 92.Be5 Bd8 93.b7 Bc7
94.b8=Q Bxb8 95.Bxb8 c4 96.Kc3 Kc6 97.Kb4 Kb6 98.Bd6 Kc6 99.Bc5 Kc7 100.Ka5 Kc6
101.Bb4  1-0

[Event "TCh-CZE Extraliga 2012-13"]
[Site "Czech Republic CZE"]
[Date "2012.12.01"]
[Round "3.7"]
[White "Blatny,P"]
[Black "Zwardon,V"]
[Result "0-1"]
[WhiteElo "2420"]
[BlackElo "2408"]

1.Nf3 c5 2.c3 Nf6 3.d4 e6 4.Bf4 Nc6 5.e3 b6 6.Nbd2 Bb7 7.Nc4 cxd4 8.Nxd4 Nxd4
9.Qxd4 d5 10.Ne5 a6 11.Qa4+ Nd7 12.O-O-O b5 13.Qc2 Nc5 14.Nd3 Rc8 15.Nxc5 Bxc5
16.Bd3 h6 17.Kb1 Qb6 18.h4 O-O 19.Rhg1 b4 20.c4 dxc4 21.Bxc4 Be7 22.Qe2 Be4+
23.Ka1 Bxh4 24.Bxh6 Bxf2 25.Qxf2 Rxc4 26.Bf4 Rfc8 27.Qh4 f6 28.Rh1 Qc6 29.Qe1 e5
30.Bg3 b3 31.a3 Rc2  0-1

[Event "TCh-CZE Extraliga 2012-13"]
[Site "Czech Republic CZE"]
[Date "2012.12.02"]
[Round "4.7"]
[White "Walek,M"]
[Black "Blatny,P"]
[Result "1/2-1/2"]
[WhiteElo "2350"]
[BlackElo "2420"]

1.e4 g6 2.d4 c6 3.Nc3 d5 4.h3 Bg7 5.Nf3 Nf6 6.Bd3 dxe4 7.Nxe4 Nxe4 8.Bxe4 Nd7
9.O-O O-O 10.c3 c5 11.Be3 cxd4 12.Bxd4 e5 13.Be3 Qc7 14.Bd5 Nf6 15.Bb3 b6
16.Qe2 Bb7 17.Rfd1 Rae8 18.a4 Ne4  1/2-1/2

[Event "TCh-CZE Extraliga 2012-13"]
[Site "Czech Republic CZE"]
[Date "2013.02.16"]
[Round "5.6"]
[White "Orsag,Mil1"]
[Black "Blatny,P"]
[Result "1-0"]
[WhiteElo "2393"]
[BlackElo "2420"]

1.d4 e6 2.Nf3 d5 3.c4 c6 4.Qc2 f5 5.Bf4 Bd6 6.Bxd6 Qxd6 7.e3 Ne7 8.Nc3 Nd7
9.Bd3 a6 10.O-O O-O 11.Rac1 h6 12.a3 g5 13.Ne2 Ng6 14.cxd5 cxd5 15.h3 Rf7
16.g4 Nf6 17.Qc5 Qb8 18.Qb6 Kg7 19.Ng3 Ne4 20.Nh5+ Kg8 21.gxf5 Rxf5 22.Bxe4 dxe4
23.Nh2 Bd7 24.Rc7 Qd8 25.Ng4 Kh8 26.d5 Rxd5 27.Ngf6 Rd3 28.Rfc1 Nf8 29.Qxb7 Rb8
30.Qxe4 Rd1+ 31.Rxd1 Qxc7 32.Rxd7  1-0

[Event "TCh-CZE Extraliga 2012-13"]
[Site "Czech Republic CZE"]
[Date "2013.02.17"]
[Round "6.6"]
[White "Blatny,P"]
[Black "Juptner,J"]
[Result "1-0"]
[WhiteElo "2420"]
[BlackElo "2364"]

1.b3 c5 2.Bb2 Nc6 3.f4 d5 4.e3 Nf6 5.Nf3 g6 6.Ne5 Bd7 7.Be2 Bg7 8.Bf3 O-O
9.O-O Rc8 10.Nxd7 Qxd7 11.Qe2 Rfd8 12.d3 Re8 13.g4 Qd6 14.g5 Nd7 15.Bxg7 Kxg7
16.Qg2 d4 17.Bxc6 Qxc6 18.e4 f5 19.Nd2 e5 20.Qh3 Rf8 21.fxe5 Nxe5 22.exf5 Rxf5
23.Rxf5 gxf5 24.Qxf5 Ng6 25.Ne4 Rf8 26.Qh3 Nf4 27.Qg4 Qe6 28.Qxe6 Nxe6 29.Rf1 Rxf1+
30.Kxf1 Kg6 31.Nd6 Kxg5 32.Nxb7 Kf4 33.Kf2 h5 34.Nd6 Ng5 35.Nb5 a6 36.Nc7 a5
37.Nd5+ Ke5 38.Nb6 h4 39.Nc4+ Kf4 40.Nxa5 Nf3 41.h3 Ng5 42.Kg2 Ke3 43.Nb7 Ne6
44.a4 Kd2 45.a5 Kxc2 46.a6 c4 47.bxc4 Nc7 48.Nc5  1-0

[Event "TCh-CZE Extraliga 2013-14"]
[Site "Novy Bor CZE"]
[Date "2013.11.03"]
[Round "2.7"]
[White "Blatny,P"]
[Black "Babula,V"]
[Result "1/2-1/2"]
[WhiteElo "2416"]
[BlackElo "2574"]

1.e4 c5 2.Nc3 Nc6 3.g3 g6 4.Bg2 Bg7 5.d3 d6 6.Be3 e5 7.Qd2 Nge7 8.Bh6 Bxh6
9.Qxh6 Nd4 10.Qd2 Qa5 11.h4 h6 12.Nge2 Bg4 13.Nxd4 cxd4 14.Nd5 Qxd2+ 15.Kxd2 Nxd5
16.exd5 Ke7 17.c3 dxc3+ 18.bxc3 Rhc8 19.Rhb1 Rc7 20.Rb4 Bd7 21.c4 b6 22.Bf1 g5
23.hxg5 hxg5 24.Bg2 Rh8 25.Rh1 Rxh1 26.Bxh1 Rc5 27.Bf3 Ra5 28.Rb2 b5 29.Bd1 Kd8
30.Kc3 bxc4  1/2-1/2

[Event "TCh-CZE Extraliga 2013-14"]
[Site "Grygov CZE"]
[Date "2014.02.16"]
[Round "8.7"]
[White "Blatny,P"]
[Black "Biolek,R2"]
[Result "1/2-1/2"]
[WhiteElo "2416"]
[BlackElo "2419"]

1.b3 e5 2.Bb2 Nc6 3.e3 Nf6 4.d3 d5 5.Nd2 Bd6 6.Ne2 Qe7 7.a3 a5 8.g3 h5 9.h3 Bf5
10.Bg2 Rd8 11.Qb1 Qd7 12.Qa2 b5 13.O-O-O Bc5 14.Qa1 Qe7 15.Rhe1 O-O 16.Nd4 Qd7
17.Nxf5 Qxf5 18.f4 exf4 19.gxf4 Rfe8 20.Nf1 Re6 21.Kb1 h4 22.Bc1 Rde8 23.e4 dxe4
24.d4 Bxd4 25.Rxd4 Nxd4 26.Qxd4 c5 27.Qf2 c4 28.Ne3 Qc5 29.f5 Rc6 30.Bb2 Nd5
31.Nd1 cxb3 32.Qxc5 Rxc5 33.cxb3 Nf4 34.Rxe4 Rxe4 35.Bxe4 Nxh3 36.Bd4 Rc8
37.Be3 f6 38.Kb2 Kh7 39.Bg2 Ng5 40.Nf2 b4 41.a4 Nf7 42.Bb6 Re8 43.Kc2 Rc8+
44.Kd2 Rc3 45.Bd5 Ne5 46.Ke2 h3 47.Be3 h2 48.Bf4 Rc5 49.Be4 Nc6 50.Be3 Rc3
51.Nd1 Rxb3 52.Bxc6 Ra3 53.Nf2 b3 54.Bd4 b2 55.Bxb2 Ra2 56.Nd3 Rxa4 57.Kf2 Rg4
58.Bg2 a4 59.Ba3 Rc4 60.Bb4 a3 61.Bxa3 Rc3 62.Bd6 Rxd3 63.Bxh2 Rd2+ 64.Kf1 Rxg2
65.Kxg2 g6 66.fxg6+  1/2-1/2